Country Flags With One Wrong Color - Statistics

General Stats
  • This quiz has been taken 253 times
  • The average score is 17 of 20
Answer Stats
Picture Answer % Correct
Orange
96%
Red
92%
Red
92%
Red
92%
Green
89%
White
89%
White
86%
Yellow
86%
Blue
84%
Green
84%
White
84%
White
82%
Yellow
82%
Blue
81%
Red
80%
Orange
78%
White
78%
Green
77%
Black
75%
Yellow
71%
No matching quizzes found
Score Distribution
Percent of People with Each Score
Percentile by Number Answered
Your Score History
You have not taken this quiz